000 00294cam a22001097a 4500
008 180718b1997 xxu||||| |||| 00| 0 eng d
082 _aA84x6761 Ug1
245 _aUganda
260 _aKampala
_bMinistry of Tourism, Wildlife and Antiquities
_c1997
300 _av.p.
650 _aUganda - Yearbooks
999 _c390348
_d390348